| 000 | 00417nam a2200157Ia 4500 | ||
|---|---|---|---|
| 008 | 220216s9999 xx 000 0 und d | ||
| 100 | _aGeorge E.S | ||
| 245 | 0 | _aSustainability of rubber ecosystem: A case study at RRII farm | |
| 260 |
_bRubber Board Bulletin _c2012 |
||
| 300 | _a13-16 | ||
| 650 | _aRubber cultivation | ||
| 650 | _aRubber ecosystem | ||
| 700 | _aJessy M D | ||
| 700 | _aNair N.U | ||
| 942 | _cBS | ||
| 999 |
_c48505 _d48505 |
||